| 000 | 00598nam a2200169 4500 | ||
|---|---|---|---|
| 999 |
_c15895 _d15895 |
||
| 008 | 201217b ||||| |||| 00| 0 eng d | ||
| 022 | _a0732-8435 | ||
| 082 | _aDPer 657.05 C33 Sept - Mar 2015, v. 85 - 86 | ||
| 100 |
_942692 _aTsay, Bor-Yi. |
||
| 245 |
_aThe going concern assumption: _bcritical issues for auditors/ _cBor-Yi Tsay and Sean Chen. |
||
| 260 |
_aNew York: _bThe New York State Society of CPA, _c©2015. |
||
| 300 |
_av85 n12, pages 46-51: _billustrations; _c28 cm. |
||
| 650 |
_aAuditing. _x _942693 |
||
| 650 |
_a _942712 |
||
| 700 |
_aChen, S. _942697 _eAuthor. |
||
| 942 |
_2ddc _cPER |
||